| 000 | 00355nam a22001697a 4500 | ||
|---|---|---|---|
| 003 | UA-OsUOA | ||
| 001 | 2660 | ||
| 007 | ta | ||
| 008 | 20050721b un ||||| |||| 00| 0 ukr d | ||
| 100 | _aRothman | ||
| 700 | _aDavid H. | ||
| 942 | _cBK | ||
| 040 |
_aUA-OsUOA _cUA-OsUOA _dUA-OsUOA |
||
| 245 |
_aWordStar in a day. _bScience |
||
| 955 | _a2 | ||
| 650 | 7 | _2UDC | |
| 999 |
_c288822 _d288822 |
||